Andhra Pradesh: primary census abstract (Record no. 490349)

000 -LEADER
fixed length control field 00512cam a22001457a 4500
008 - FIXED-LENGTH DATA ELEMENTS--GENERAL INFORMATION
fixed length control field 180718b2005 xxu||||| |||| 00| 0 eng d
082 ## - DEWEY DECIMAL CLASSIFICATION NUMBER
Classification number A81x54 01/29PCA
100 ## - MAIN ENTRY--PERSONAL NAME
Personal name Census of India 2001
245 ## - TITLE STATEMENT
Title Andhra Pradesh: primary census abstract
260 ## - PUBLICATION, DISTRIBUTION, ETC.
Place of publication, distribution, etc. Delhi
Name of publisher, distributor, etc. The Controller of Publications
Date of publication, distribution, etc. 2005
300 ## - PHYSICAL DESCRIPTION
Extent 3v
440 ## - SERIES STATEMENT/ADDED ENTRY--TITLE
Title Census of India 2001. Series-29, Andhra Pradesh.
500 ## - GENERAL NOTE
General note Contents: v.1., Tables A5-A7. 751p.;v.2., Table 8. 677p.;v.3., Table 9. 677p.
650 ## - SUBJECT ADDED ENTRY--TOPICAL TERM
Topical term or geographic name entry element Andhra Pradesh - Census
Holdings
Withdrawn status Lost status Damaged status Not for loan Permanent Location Current Location Date acquired Full call number Barcode Date last seen Price effective from Koha item type
        Indian Institute of Public Administration Indian Institute of Public Administration 2018-08-04 A81x54 01/29PCA G20704 2018-08-04 2018-08-04 G
        Indian Institute of Public Administration Indian Institute of Public Administration 2018-08-04 A81x54 01/29PCA G20699 2018-08-04 2018-08-04 G
        Indian Institute of Public Administration Indian Institute of Public Administration 2018-08-04 A81x54 01/29PCA G20698 2018-08-04 2018-08-04 G

Powered by Koha